000 00624nam a2200205Ia 4500
005 20260601193252.0
008 260601s9999||||xx |||||||||||||| ||und||
020 _a978-3-031-68005-2
_qebk
100 _aMuhammad Younas
245 0 _aMobile Web and Intelligent Information Systems
250 _a2024
260 _aHeidelberg, Germany
_bSpringer Nature
_c2024
440 _aLecture Notes in Computer Science
650 _aComputer Science
700 _aBoning Feng
700 _aDana Petcu
700 _aIrfan Awan
856 _uhttps://link.springer.com/openurl?genre=book&isbn=978-3-031-68005-2
942 _cEB
_2ddc
999 _c56764
_d56764